[Event "BL 1112 Hansa Dortmund - Hamburger SK"]
[Site "?"]
[Date "2012.04.14"]
[Round "14.7"]
[White "Klein, David"]
[Black "Ackermann, Hans Werner"]
[Result "1-0"]
[WhiteElo "2359"]
[BlackElo "2296"]
[PlyCount "151"]
[EventDate "2012.??.??"]

1. e4 c5 2. Nf3 a6 3. c3 e6 4. d4 d5 5. exd5 exd5 6. Be3 c4 7. b3 cxb3 8. axb3
Bd6 9. Be2 Ne7 10. O-O O-O 11. c4 Nbc6 12. Nc3 Bg4 13. Ra4 Rc8 14. Bg5 f6 15.
Bc1 Kh8 16. c5 Bb8 17. b4 Bh5 18. b5 axb5 19. Nxb5 Qd7 20. Kh1 Rce8 21. Ng1
Bxe2 22. Nxe2 Nf5 23. Nec3 Rd8 24. Qd3 Rfe8 25. Bd2 Nh4 26. h3 Qf5 27. Qxf5
Nxf5 28. Kg1 h5 29. Re1 Rxe1+ 30. Bxe1 h4 31. Kf1 g5 32. Bd2 Kg7 33. Ke2 Kf7
34. Kd3 Kg6 35. Nd1 Ng7 36. Ne3 Ne6 37. Nc2 Bf4 38. Ra1 Bb8 39. Rb1 Rd7 40. Be3
f5 41. Nc3 Ba7 42. Na4 f4 43. Bd2 Kf5 44. f3 Kg6 45. Be1 Kf5 46. Nc3 Ned8 47.
Nb5 Bb8 48. Ra1 Ke6 49. Bd2 Kf7 50. Ra8 Ne6 51. Nb4 Ned8 52. Na2 Ke6 53. Nac3
Kf6 54. Na4 Ne6 55. Nb6 Rd8 56. Bc3 Kg6 57. Nd6 Bxd6 58. Rxd8 Nexd8 59. cxd6
Nf7 60. d7 Kf5 61. Nxd5 Ke6 62. Nb6 Nb8 63. Bb4 Nd8 64. Ke4 Kf6 65. d5 Nf7 66.
Bf8 Nd8 67. Nc8 Nxd7 68. Be7+ Kg6 69. Bxd8 Nc5+ 70. Kd4 Nb3+ 71. Kc3 Nc1 72.
Bb6 Kf5 73. Kd2 Na2 74. Bc5 b5 75. d6 Ke6 76. Nb6 1-0

[Event "BL 1112 SV Wattenscheid - Schachfr. Ber"]
[Site "?"]
[Date "2012.04.14"]
[Round "14.1"]
[White "Melkumyan, Hrant"]
[Black "Bogner, Sebastian"]
[Result "0-1"]
[WhiteElo "2619"]
[BlackElo "2534"]
[PlyCount "169"]
[EventDate "2012.??.??"]

1. d4 d5 2. c4 c6 3. Nf3 Nf6 4. e3 a6 5. Bd3 Bg4 6. Nbd2 e6 7. O-O Nbd7 8. b3
Bf5 9. Bxf5 exf5 10. Bb2 Bd6 11. Ne5 O-O 12. Ndf3 Re8 13. Rc1 Ne4 14. Rc2 Nf8
15. g3 Qe7 16. Nh4 g6 17. cxd5 cxd5 18. Ng2 Ne6 19. f3 Nf6 20. Qe2 Rad8 21.
Rfc1 Nd7 22. Nd3 Bb8 23. Qe1 Ng5 24. Qf1 h5 25. Bc3 Bd6 26. Ndf4 Nf6 27. Ba5
Ra8 28. Bb6 h4 29. gxh4 Bxf4 30. exf4 Nh3+ 31. Kh1 Nh5 32. Bc7 f6 33. Ba5 Qe6
34. Re1 Qd6 35. Rce2 Kf7 36. Bd2 Qb6 37. Rxe8 Rxe8 38. Rxe8 Kxe8 39. Be3 Kd7
40. Ne1 N3xf4 41. Nd3 Nxd3 42. Qxd3 Qa5 43. a4 Qe1+ 44. Kg2 Qxh4 45. Qd2 f4 46.
Bf2 Qg5+ 47. Kh1 Qf5 48. Qb4 Qh3 49. Qxb7+ Ke8 50. Qc6+ Kf8 51. Qd6+ Kg7 52.
Qe7+ Kh6 53. Qe2 Ng7 54. b4 Ne6 55. Bg1 Ng5 56. Qg2 Qd7 57. h4 Ne6 58. Qe2 Nc7
59. Kg2 Qxa4 60. Qe7 Qc2+ 61. Bf2 Qc6 62. Qf7 g5 63. Qf8+ Kh7 64. Qf7+ Kh6 65.
Qf8+ Kh7 66. h5 Qe6 67. h6 Ne8 68. Kg1 Qg8 69. Qc5 Qf7 70. Qc8 Nc7 71. Qh3 Qe6
72. Qh5 Nb5 73. Kg2 Nd6 74. Qh1 Nf5 75. Qb1 Kxh6 76. Qd3 Kg6 77. Qc2 Kg7 78.
Kh2 Ne7 79. Qd3 f5 80. Kg2 Ng6 81. Qc2 g4 82. Qc7+ Kh6 83. Kf1 gxf3 84. Kg1 Qe7
85. Qc8 0-1

[Event "BL 1112 SV Wattenscheid - Schachfr. Ber"]
[Site "?"]
[Date "2012.04.14"]
[Round "14.2"]
[White "Appel, Ralf"]
[Black "Michalik, Peter"]
[Result "1/2-1/2"]
[WhiteElo "2529"]
[BlackElo "2511"]
[PlyCount "56"]
[EventDate "2012.??.??"]

1. d4 d5 2. c4 e6 3. Nc3 Be7 4. Bf4 Nf6 5. e3 O-O 6. Rc1 c5 7. dxc5 Bxc5 8.
cxd5 exd5 9. Bd3 Nc6 10. Nge2 d4 11. exd4 Nxd4 12. O-O Bg4 13. h3 Bh5 14. Nb5
Ne6 15. Be5 Rc8 16. Qb3 Ne4 17. Bxe4 Bxe2 18. Bxb7 Bxf1 19. Bxc8 Bxb5 20. Bxe6
Bxf2+ 21. Kxf2 Qd2+ 22. Kg1 Qxc1+ 23. Kh2 Qc5 24. Qg3 g6 25. Bd6 Qd4 26. Bxf8
Kxf8 27. Qb8+ Be8 28. Bg4 Ke7 1/2-1/2

[Event "BL 1112 SV Wattenscheid - Schachfr. Ber"]
[Site "?"]
[Date "2012.04.14"]
[Round "14.3"]
[White "Lauber, Arnd"]
[Black "Holzke, Frank Dr"]
[Result "1/2-1/2"]
[WhiteElo "2464"]
[BlackElo "2506"]
[PlyCount "63"]
[EventDate "2012.??.??"]

1. d4 d5 2. c4 c6 3. Nf3 Nf6 4. Qc2 g6 5. Bf4 dxc4 6. Qxc4 Bg7 7. Nc3 O-O 8. e4
b5 9. Qd3 b4 10. Na4 Ba6 11. Qc2 Bxf1 12. Kxf1 Nbd7 13. Rc1 Qa5 14. b3 Nh5 15.
Be3 e5 16. dxe5 Nxe5 17. Nxe5 Qxe5 18. Qxc6 Rfe8 19. g3 Qxe4 20. Qxe4 Rxe4 21.
Rc7 Nf6 22. Rxa7 Rxa7 23. Bxa7 Nd5 24. f3 Re8 25. Kf2 Nc3 26. Nxc3 Bxc3 27. Rd1
Ra8 28. Bd4 Rxa2+ 29. Ke3 Rb2 30. Bxc3 bxc3 31. Rc1 Rxb3 32. Rc2 1/2-1/2

[Event "BL 1112 SV Wattenscheid - Schachfr. Ber"]
[Site "?"]
[Date "2012.04.14"]
[Round "14.4"]
[White "Handke, Florian"]
[Black "Schneider, Ilja"]
[Result "1/2-1/2"]
[WhiteElo "2518"]
[BlackElo "2472"]
[PlyCount "71"]
[EventDate "2012.??.??"]

1. d4 d5 2. c4 c6 3. Nf3 Nf6 4. Nc3 a6 5. a4 e6 6. Bg5 a5 7. e3 Be7 8. Be2 Na6
9. O-O O-O 10. Qb3 Nb4 11. Rac1 b6 12. Rfd1 Ba6 13. Bf1 Rc8 14. cxd5 Bxf1 15.
d6 Bxd6 16. Kxf1 h6 17. Bh4 Be7 18. e4 Nh5 19. Bxe7 Qxe7 20. Na2 Nxa2 21. Qxa2
Nf6 22. Qb3 Nxe4 23. Qxb6 Qd8 24. Qxd8 Rfxd8 25. Ne5 c5 26. f3 Nf6 27. dxc5
Rxd1+ 28. Rxd1 Rxc5 29. Rd8+ Kh7 30. Nxf7 Rc2 31. Rh8+ Kg6 32. Ne5+ Kf5 33. Ng4
Nxg4 34. fxg4+ Kxg4 35. Ra8 Rxb2 36. Rxa5 1/2-1/2

[Event "BL 1112 SV Wattenscheid - Schachfr. Ber"]
[Site "?"]
[Date "2012.04.14"]
[Round "14.5"]
[White "Polzin, Rainer"]
[Black "Hirneise, Tobias"]
[Result "0-1"]
[WhiteElo "2469"]
[BlackElo "2446"]
[PlyCount "76"]
[EventDate "2012.??.??"]

1. e4 e5 2. Nf3 Nc6 3. Bb5 a6 4. Ba4 Nf6 5. O-O Be7 6. Re1 b5 7. Bb3 d6 8. c3
O-O 9. d4 Bg4 10. Be3 exd4 11. cxd4 Na5 12. Bc2 c5 13. dxc5 Nc4 14. cxd6 Bxd6
15. Nbd2 Qc7 16. h3 Nxb2 17. Qb1 Bxf3 18. Nxf3 Nc4 19. a4 Rab8 20. Qa2 Bb4 21.
Re2 Bc3 22. Rf1 Rfe8 23. Bg5 Nh5 24. Bb3 Ne5 25. Nxe5 Rxe5 26. Bc1 Rbe8 27.
axb5 axb5 28. Rd1 R5e7 29. Qa6 b4 30. Qb5 Nf6 31. Bg5 Rb8 32. Qf5 Rbe8 33. Bc2
Re6 34. e5 g6 35. Qf4 Bxe5 36. Rxe5 Rxe5 37. Rf1 Nh5 38. Qd2 Rxg5 0-1

[Event "BL 1112 SV Wattenscheid - Schachfr. Ber"]
[Site "?"]
[Date "2012.04.14"]
[Round "14.6"]
[White "Dinstuhl, Volkmar Dr"]
[Black "Thiede, Lars"]
[Result "0-1"]
[WhiteElo "2408"]
[BlackElo "2458"]
[PlyCount "74"]
[EventDate "2012.??.??"]

1. d4 g6 2. c4 Bg7 3. e4 c5 4. d5 d6 5. Bd3 e6 6. h3 Ne7 7. Nf3 exd5 8. cxd5 a6
9. a4 f5 10. O-O fxe4 11. Bxe4 Nd7 12. Re1 Nf6 13. Nc3 O-O 14. Bc2 Nf5 15. Rb1
Bd7 16. b4 b6 17. bxc5 bxc5 18. Bd3 Nh5 19. Ne4 Nd4 20. Nxd4 Bxd4 21. Be3 Bxe3
22. Rxe3 Nf4 23. Nxd6 Bxh3 24. Nb7 Qxd5 25. Be4 Qg5 26. Rg3 Qe5 27. Re3 Bf5 28.
Qb3+ Be6 29. Qc2 Rac8 30. Bxg6 Qg7 31. Be4 Kh8 32. Qb2 Qxb2 33. Rxb2 Rc7 34.
Rd2 c4 35. Nd6 c3 36. Rd1 c2 37. Rc1 Rd8 0-1

[Event "BL 1112 SV Wattenscheid - Schachfr. Ber"]
[Site "?"]
[Date "2012.04.14"]
[Round "14.7"]
[White "Agopov, Mikail"]
[Black "Tereick, Benjamin"]
[Result "1-0"]
[WhiteElo "2445"]
[BlackElo "2386"]
[PlyCount "118"]
[EventDate "2012.??.??"]

1. e4 e6 2. d4 d5 3. Nc3 Nf6 4. e5 Nfd7 5. f4 c5 6. Nf3 Nc6 7. Be3 cxd4 8. Nxd4
Bc5 9. Qd2 O-O 10. O-O-O a6 11. Nb3 b6 12. Qf2 Qe7 13. Bd3 Bb7 14. Na4 Bxe3+
15. Qxe3 Qb4 16. Nc3 Nc5 17. Kb1 Nxb3 18. axb3 Rac8 19. Qh3 g6 20. Rhf1 Rfe8
21. Rde1 Rcd8 22. g4 Qf8 23. Nd1 Qg7 24. g5 Kf8 25. Nf2 Ke7 26. Qe3 d4 27. Qe2
b5 28. Ne4 Kf8 29. Nf6 Re7 30. Rf3 h5 31. Be4 Rc7 32. Qd2 Qh8 33. Rd3 Kg7 34.
Bxc6 Bxc6 35. Rxd4 Rdc8 36. Rc1 Qf8 37. Rd6 Bb7 38. Qd4 Bg2 39. b4 Bh3 40. c3
Rc4 41. Qd2 Bf5+ 42. Ka2 a5 43. Nd7 Qe7 44. b3 Re4 45. bxa5 b4 46. cxb4 Re2 47.
Qxe2 Rxc1 48. Qb5 Rc2+ 49. Ka3 Qe8 50. Qb8 Qxb8 51. Nxb8 Rxh2 52. b5 Rh1 53. b6
Ra1+ 54. Kb4 h4 55. b7 h3 56. Rd2 Be4 57. Nc6 Bg2 58. b8=Q h2 59. Ne7 h1=B 1-0

[Event "BL 1112 SV Wattenscheid - Schachfr. Ber"]
[Site "?"]
[Date "2012.04.14"]
[Round "14.8"]
[White "Straeter, Timo"]
[Black "Abel, Dennes"]
[Result "1-0"]
[WhiteElo "2327"]
[BlackElo "2427"]
[PlyCount "59"]
[EventDate "2012.??.??"]

1. d4 Nf6 2. Nf3 g6 3. Bg5 Bg7 4. Nbd2 c5 5. Bxf6 Bxf6 6. Ne4 Bxd4 7. Nxd4 cxd4
8. Qxd4 O-O 9. c4 Qa5+ 10. Qd2 Qe5 11. Nc3 Nc6 12. e4 d6 13. Be2 Be6 14. O-O
Rfc8 15. Rad1 Qa5 16. b3 g5 17. b4 Qxb4 18. Qxg5+ Kh8 19. Nd5 Qc5 20. Qh4 Re8
21. Bd3 Qd4 22. Nc7 Ne5 23. Nxa8 Rxa8 24. Bb1 Qc3 25. Qxe7 Nf3+ 26. Kh1 Rg8 27.
e5 Rxg2 28. Qf6+ Kg8 29. Kxg2 Nxe5 30. Rd3 1-0

[Event "BL 1112 SV Mülheim Nord - SG Solingen"]
[Site "?"]
[Date "2012.04.14"]
[Round "14.2"]
[White "Fridman, Daniel"]
[Black "Smeets, Jan"]
[Result "1-0"]
[WhiteElo "2652"]
[BlackElo "2619"]
[PlyCount "69"]
[EventDate "2012.??.??"]

1. d4 d5 2. c4 c6 3. Nf3 Nf6 4. Qc2 dxc4 5. Qxc4 Bf5 6. g3 e6 7. Bg2 Be7 8. O-O
Nbd7 9. e3 O-O 10. Rd1 Rc8 11. Qe2 c5 12. Nc3 cxd4 13. Nxd4 Bg4 14. f3 Bh5 15.
e4 Bb4 16. Bd2 Qe7 17. a3 Bc5 18. Be3 a6 19. Rac1 Rfd8 20. Qf2 Ne5 21. Nd5 exd5
22. Nf5 Qe6 23. Bxc5 dxe4 24. Ne7+ Kh8 25. Nxc8 Rxc8 26. g4 exf3 27. gxh5 fxg2
28. h6 Rg8 29. hxg7+ Kxg7 30. Rd6 Qe7 31. Rxa6 Qd8 32. Rd6 Nfd7 33. Bd4 Re8 34.
Bxe5+ Rxe5 35. Rcd1 1-0

[Event "BL 1112 SV Mülheim Nord - SG Solingen"]
[Site "?"]
[Date "2012.04.14"]
[Round "14.3"]
[White "Stellwagen, Daniel"]
[Black "Berelowitsch, Alexander"]
[Result "1-0"]
[WhiteElo "2625"]
[BlackElo "2563"]
[PlyCount "115"]
[EventDate "2012.??.??"]

1. e4 e6 2. d4 d5 3. Nc3 Nf6 4. Bg5 dxe4 5. Nxe4 Nbd7 6. Nf3 h6 7. Nxf6+ Nxf6
8. Bxf6 Qxf6 9. Bd3 Bd6 10. Qe2 Bd7 11. Ne5 Bxe5 12. dxe5 Qg5 13. O-O Bc6 14.
f4 Qe7 15. Qe3 O-O 16. f5 exf5 17. Rxf5 Rae8 18. Raf1 Qb4 19. Qf2 Bd5 20. e6
Bxe6 21. Rb5 Qd6 22. Rxb7 a5 23. Qf4 Qxf4 24. Rxf4 Rb8 25. Rxc7 Rxb2 26. a3 Rd8
27. Ra4 g5 28. Rxa5 Rd4 29. g3 Kg7 30. Rb5 Ra2 31. Rb4 Rd6 32. Ra7 Kf6 33. a4
Rd5 34. Rb1 Rd4 35. a5 Bc4 36. Rb4 Rxd3 37. cxd3 Bxd3 38. h4 gxh4 39. Rxh4 Kg5
40. Rd7 Bb1 41. Rd1 Bg6 42. Rd5+ Kf6 43. Rxh6 Ra1+ 44. Kf2 Ra2+ 45. Ke1 Rg2 46.
Rh4 Rxg3 47. Ra4 Bc2 48. Kf2 Rc3 49. Ra1 Be4 50. Rb5 Rf3+ 51. Ke2 Rh3 52. Rb4
Ke5 53. a6 Rh2+ 54. Ke3 Rh3+ 55. Kf2 Rh2+ 56. Kg3 Rg2+ 57. Kh3 Rg8 58. a7 1-0

[Event "BL 1112 SV Mülheim Nord - SG Solingen"]
[Site "?"]
[Date "2012.04.14"]
[Round "14.4"]
[White "Feygin, Michael"]
[Black "L'Ami, Erwin"]
[Result "1/2-1/2"]
[WhiteElo "2521"]
[BlackElo "2592"]
[PlyCount "60"]
[EventDate "2012.??.??"]

1. e4 c5 2. Nf3 d6 3. d4 cxd4 4. Nxd4 Nf6 5. Nc3 g6 6. Be3 Bg7 7. f3 O-O 8. Bc4
Nc6 9. Qd2 Bd7 10. O-O-O Rb8 11. h4 b5 12. Bb3 Na5 13. Bh6 Nc4 14. Bxc4 bxc4
15. Bxg7 Kxg7 16. Nd5 e5 17. Nxf6 Qxf6 18. Ne2 Rb6 19. h5 g5 20. Qa5 Rfb8 21.
Qxa7 Qd8 22. h6+ Kf8 23. Qa3 Ra8 24. Qe3 Rxa2 25. Nc3 Raxb2 26. Rxd6 Rxc2+ 27.
Kxc2 Rxd6 28. Qc5 Qb6 29. Qxb6 Rxb6 30. Nd5 Rc6 1/2-1/2

[Event "BL 1112 SV Mülheim Nord - SG Solingen"]
[Site "?"]
[Date "2012.04.14"]
[Round "14.6"]
[White "Levin, Felix"]
[Black "Naumann, Alexander"]
[Result "1-0"]
[WhiteElo "2482"]
[BlackElo "2546"]
[PlyCount "89"]
[EventDate "2012.??.??"]

1. Nf3 d5 2. d4 Nf6 3. c4 e6 4. Nc3 dxc4 5. e3 a6 6. Bxc4 b5 7. Bb3 Bb7 8. O-O
c5 9. e4 cxd4 10. Nxd4 Nc6 11. Be3 Be7 12. Nxc6 Bxc6 13. Qxd8+ Rxd8 14. f3 O-O
15. Rfc1 Rc8 16. Ne2 Bb7 17. Nd4 Rxc1+ 18. Rxc1 Rc8 19. Rxc8+ Bxc8 20. a4 bxa4
21. Bxa4 Nd7 22. Nc6 Bc5 23. Kf2 Bxe3+ 24. Kxe3 Nb6 25. Bc2 Bd7 26. Na5 e5 27.
Bd3 Bc8 28. Nc6 f6 29. Ne7+ Kf8 30. Nxc8 Nxc8 31. Bxa6 Nb6 32. Kd3 Ke7 33. Kc3
Kd6 34. Kb4 Kc6 35. Bc4 Nc8 36. Bg8 h6 37. Ka5 Ne7 38. Bf7 f5 39. b4 fxe4 40.
fxe4 Nc8 41. Bd5+ Kc7 42. Kb5 Nd6+ 43. Kc5 Ne8 44. b5 Nf6 45. b6+ 1-0

[Event "BL 1112 SV Mülheim Nord - SG Solingen"]
[Site "?"]
[Date "2012.04.14"]
[Round "14.7"]
[White "Hoffmann, Michael"]
[Black "Saltaev, Mihail"]
[Result "1/2-1/2"]
[WhiteElo "2496"]
[BlackElo "2484"]
[PlyCount "51"]
[EventDate "2012.??.??"]

1. Nf3 d5 2. c4 c6 3. e3 Nf6 4. Nc3 a6 5. Qc2 g6 6. d4 Bg7 7. Bd3 O-O 8. O-O
Bg4 9. Ne5 Be6 10. Bd2 dxc4 11. Nxc4 Nbd7 12. b4 Bxc4 13. Bxc4 e5 14. dxe5 Nxe5
15. Be2 Qd6 16. Rab1 Rfe8 17. Rfd1 Neg4 18. g3 Qe6 19. Be1 Bh6 20. e4 Nxe4 21.
Qxe4 Qxe4 22. Nxe4 Rxe4 23. Bf3 Rc4 24. Be2 Re4 25. Bf3 Rc4 26. Be2 1/2-1/2

[Event "BL 1112 SF Katernberg - SC Remagen"]
[Site "?"]
[Date "2012.04.14"]
[Round "14.2"]
[White "Kryvoruchko, Yuriy"]
[Black "Parligras, Mircea"]
[Result "1/2-1/2"]
[WhiteElo "2666"]
[BlackElo "2625"]
[PlyCount "129"]
[EventDate "2012.??.??"]

1. e4 c6 2. d4 d5 3. e5 Bf5 4. h4 h5 5. c4 e6 6. Nc3 Ne7 7. Bg5 Nd7 8. Nge2 Bg4
9. cxd5 exd5 10. f3 Be6 11. Nf4 Qb6 12. Nxe6 fxe6 13. Bd3 O-O-O 14. Ne2 c5 15.
Qb3 cxd4 16. Qxb6 axb6 17. Rc1+ Nc6 18. f4 Nc5 19. Bb5 Rd7 20. Rh3 Rc7 21. Bxc6
Rxc6 22. Rd1 d3 23. Nd4 Rc7 24. a3 Kd7 25. b4 d2+ 26. Rxd2 Ne4 27. Rd1 g6 28.
Re3 Nxg5 29. hxg5 Be7 30. Ne2 Rhc8 31. Rdd3 Rc4 32. Rf3 Bd8 33. Nd4 Be7 34. Rd1
Ra8 35. Ke2 Rf8 36. Rd2 Rfc8 37. Rfd3 Rc1 38. Rd1 R1c4 39. Ke3 Ra8 40. R1d2
Rac8 41. Rd1 Ra8 42. Rb1 Rac8 43. g3 Bd8 44. Ke2 Be7 45. Kd2 Rh8 46. Nf3 Rhc8
47. Nd4 Rh8 48. Rh1 Rhc8 49. Ke3 Ra8 50. Rhd1 Rac8 51. Rb3 Bd8 52. Kf3 Rc3+ 53.
Rd3 Rc1 54. Ne2 Rf1+ 55. Kg2 Re1 56. Kf2 Ra1 57. Rdc3 Rc4 58. b5 Rc5 59. g4
hxg4 60. Kg3 Re1 61. Kf2 Rd1 62. Kg3 Rd2 63. Nc1 Rd1 64. Nd3 Rg1+ 65. Kh2
1/2-1/2

[Event "BL 1112 SF Katernberg - SC Remagen"]
[Site "?"]
[Date "2012.04.14"]
[Round "14.4"]
[White "Kotainy, Jens"]
[Black "Dgebuadze, Alexandre"]
[Result "1/2-1/2"]
[WhiteElo "2406"]
[BlackElo "2544"]
[PlyCount "75"]
[EventDate "2012.??.??"]

1. e4 e6 2. d4 d5 3. Nc3 Bb4 4. e5 Ne7 5. a3 Bxc3+ 6. bxc3 c5 7. Qg4 O-O 8. Bd3
Nbc6 9. Qh5 Ng6 10. Nf3 Qc7 11. Be3 c4 12. Bxg6 fxg6 13. Qg4 Bd7 14. h4 Rf5 15.
Ng5 h6 16. Nh3 Be8 17. Qe2 Qe7 18. g4 Rf8 19. Nf4 b5 20. h5 g5 21. Ng2 a5 22.
f4 Ra7 23. O-O gxf4 24. Nxf4 b4 25. axb4 axb4 26. Rxa7 Nxa7 27. cxb4 Nb5 28.
Kg2 Nc3 29. Qe1 Ne4 30. c3 Kh7 31. Ne2 Rxf1 32. Kxf1 Qa7 33. Ng3 Nxg3+ 34. Qxg3
Qa1+ 35. Qe1 Qxe1+ 36. Kxe1 g5 37. Kf2 Bb5 38. Kg3 1/2-1/2

[Event "BL 1112 SF Katernberg - SC Remagen"]
[Site "?"]
[Date "2012.04.14"]
[Round "14.5"]
[White "Swinkels, Robin"]
[Black "Glek, Igor V"]
[Result "1/2-1/2"]
[WhiteElo "2494"]
[BlackElo "2408"]
[PlyCount "121"]
[EventDate "2012.??.??"]

1. c4 e5 2. g3 Nf6 3. Bg2 h6 4. Nc3 Bb4 5. Nf3 Bxc3 6. bxc3 d6 7. O-O O-O 8. d3
e4 9. Nd4 Re8 10. Qd2 Na6 11. Nc2 exd3 12. exd3 Nc5 13. Ne3 Rb8 14. Rb1 b6 15.
Bb2 Be6 16. Rfe1 Qd7 17. d4 Nce4 18. Qc2 Bh3 19. Bh1 Bf5 20. Nxf5 Qxf5 21. Re2
g6 22. Rc1 Re6 23. f3 Ng5 24. Qxf5 Rxe2 25. Qc2 Rxc2 26. Rxc2 Re8 27. Kf1 Kg7
28. Re2 Ne6 29. f4 Kf8 30. Bc6 Re7 31. Bc1 Ng7 32. Rxe7 Kxe7 33. h3 h5 34. Kf2
Ne6 35. Bf3 c5 36. Be3 cxd4 37. cxd4 d5 38. f5 Ng7 39. cxd5 Nxf5 40. Bg5 Nd6
41. Ke2 Nde8 42. Kd3 Kd7 43. Bd1 a6 44. Ba4+ b5 45. Bb3 Nh7 46. Bd2 Nd6 47. Be3
Nf6 48. Bf4 Nfe4 49. h4 Nf6 50. a4 Nfe8 51. axb5 axb5 52. Kc3 Nf5 53. Bc2 Ne7
54. Kb4 Nxd5+ 55. Kxb5 Nxf4 56. gxf4 Nc7+ 57. Kc4 f5 58. Kc5 Ne6+ 59. Kd5 Nxf4+
60. Ke5 Ng2 61. Bxf5+ 1/2-1/2

[Event "BL 1112 SF Katernberg - SC Remagen"]
[Site "?"]
[Date "2012.04.14"]
[Round "14.6"]
[White "Thesing, Matthias"]
[Black "Bok, Benjamin"]
[Result "1/2-1/2"]
[WhiteElo "2404"]
[BlackElo "2488"]
[PlyCount "80"]
[EventDate "2012.??.??"]

1. d4 Nf6 2. Nf3 g6 3. Bg5 Bg7 4. c3 c5 5. e3 Nc6 6. Nbd2 cxd4 7. exd4 d6 8.
Bc4 O-O 9. O-O Qc7 10. Re1 e5 11. dxe5 dxe5 12. Qe2 h6 13. Bxf6 Bxf6 14. Bd5
Re8 15. Ne4 Bg7 16. Qc4 Be6 17. Bxe6 Rxe6 18. Rad1 Rc8 19. Rd5 Nd4 20. Qxc7
Nxf3+ 21. gxf3 Rxc7 22. Rd8+ Bf8 23. Red1 Kg7 24. R1d7 Rxd7 25. Rxd7 Re7 26.
Rd8 Rc7 27. Nd6 Bxd6 28. Rxd6 f6 29. c4 Kf7 30. Rd8 Ke6 31. b3 h5 32. Kf1 Kf5
33. Rd6 g5 34. h3 Re7 35. c5 e4 36. fxe4+ Rxe4 37. c6 bxc6 38. Rxc6 Re7 39. Ra6
Rc7 40. Kg2 Ke5 1/2-1/2

[Event "BL 1112 SF Katernberg - SC Remagen"]
[Site "?"]
[Date "2012.04.14"]
[Round "14.7"]
[White "Popovic, Petar"]
[Black "Scholz, Christian"]
[Result "1-0"]
[WhiteElo "2485"]
[BlackElo "2387"]
[PlyCount "57"]
[EventDate "2012.??.??"]

1. e4 c5 2. Nf3 d6 3. d4 cxd4 4. Nxd4 Nf6 5. Nc3 a6 6. g3 e5 7. Nde2 Nbd7 8. a4
b6 9. Bg2 Bb7 10. h3 Rc8 11. g4 g6 12. g5 Nh5 13. Bf3 h6 14. Bxh5 gxh5 15. h4
Nc5 16. Ng3 Ne6 17. Qxh5 Nd4 18. Kd1 d5 19. g6 Bg7 20. gxf7+ Ke7 21. Be3 dxe4
22. Kc1 Rc5 23. Nf5+ Nxf5 24. Bxc5+ Ke6 25. Rd1 Nd4 26. Bxd4 exd4 27. Nxe4 Bxe4
28. Re1 Qd5 29. Qg6+ 1-0

[Event "BL 1112 SF Katernberg - SC Remagen"]
[Site "?"]
[Date "2012.04.14"]
[Round "14.8"]
[White "Hoolt, Sarah"]
[Black "Kipper, Jens"]
[Result "0-1"]
[WhiteElo "2286"]
[BlackElo "2382"]
[PlyCount "92"]
[EventDate "2012.??.??"]

1. e4 e6 2. d4 d5 3. Nc3 Nf6 4. e5 Nfd7 5. f4 c5 6. Nf3 Nc6 7. Be3 Be7 8. Qd2
O-O 9. dxc5 Nxc5 10. O-O-O a6 11. Kb1 Qc7 12. Qf2 b6 13. Nd4 Nxd4 14. Bxd4 Bb7
15. h4 b5 16. a3 Rac8 17. Rh3 f6 18. Qe3 Ne4 19. Rc1 f5 20. h5 b4 21. axb4 Bxb4
22. Nxe4 dxe4 23. g4 fxg4 24. Rg3 Qa5 25. Rd1 Bd5 26. b3 Rxc2 27. Bb2 Rfc8 28.
Bc4 R2xc4 29. Rxd5 Qxd5 30. bxc4 Qxc4 31. Qb6 Bf8 32. Rc3 Qf1+ 33. Ka2 Rxc3 34.
Qxe6+ Kh8 35. Bxc3 Qxf4 36. h6 e3 37. Qe8 Qc4+ 38. Kb2 Qb5+ 39. Qxb5 axb5 40.
e6 Kg8 41. Kc2 g3 42. Bd4 gxh6 43. Bxe3 h5 44. Kd3 h4 45. Ke2 h3 46. Kf3 Bd6
0-1

[Event "BL 1112 SC Eppingen - SG Turm Trier"]
[Site "?"]
[Date "2012.04.15"]
[Round "15.1"]
[White "Lupulescu, Constantin"]
[Black "Tiviakov, Sergei"]
[Result "1/2-1/2"]
[WhiteElo "2655"]
[BlackElo "2647"]
[PlyCount "90"]
[EventDate "2012.??.??"]

1. d4 Nf6 2. c4 e6 3. Nc3 Bb4 4. Qc2 O-O 5. a3 Bxc3+ 6. Qxc3 d5 7. Nf3 dxc4 8.
Qxc4 b6 9. Bg5 Ba6 10. Qa4 c5 11. dxc5 bxc5 12. Rc1 Qb6 13. Bxf6 gxf6 14. Rc2
Rd8 15. e3 Bxf1 16. Rxf1 Nd7 17. Ke2 a6 18. Rd1 Qb5+ 19. Qc4 Qxc4+ 20. Rxc4 Kf8
21. Ne1 Rab8 22. Rd2 Rb7 23. Nd3 Ke7 24. Rdc2 Rdb8 25. Kd2 Rb3 26. Rh4 f5 27.
Rc3 R3b5 28. Kc2 Nf6 29. Rxc5 Rxc5+ 30. Nxc5 Rc8 31. Rc4 Ne4 32. b4 Nxf2 33.
Rc3 Ra8 34. h3 h5 35. Kb3 Kd6 36. Ka4 Ne4 37. Nxe4+ fxe4 38. Ka5 f5 39. h4 e5
40. g3 f4 41. gxf4 exf4 42. exf4 Kd5 43. Rc5+ Kd4 44. Rxh5 e3 45. Re5 Rf8
1/2-1/2

[Event "BL 1112 SC Eppingen - SG Turm Trier"]
[Site "?"]
[Date "2012.04.15"]
[Round "15.2"]
[White "Acs, Peter"]
[Black "Howell, David W L"]
[Result "1/2-1/2"]
[WhiteElo "2587"]
[BlackElo "2633"]
[PlyCount "153"]
[EventDate "2012.??.??"]

1. e4 e5 2. Nf3 Nc6 3. Bb5 Nf6 4. O-O Nxe4 5. d4 Nd6 6. Bxc6 dxc6 7. dxe5 Nf5
8. Qxd8+ Kxd8 9. Nc3 Bd7 10. h3 b6 11. Ne2 Kc8 12. g4 Ne7 13. Nf4 Nd5 14. Nh5
g6 15. Ng3 h5 16. Ng5 hxg4 17. Nxf7 Rxh3 18. e6 Bxe6 19. Ng5 Rxg3+ 20. fxg3
Bc5+ 21. Kg2 Bf5 22. Re1 Bxc2 23. Re8+ Kb7 24. Rxa8 Kxa8 25. Bd2 Bd4 26. Rc1
Bf5 27. b3 c5 28. Re1 a5 29. Ne6 Bf6 30. Nf4 Nxf4+ 31. Bxf4 Kb7 32. Be5 Bg5 33.
Kf2 Kc6 34. Bc3 Kb5 35. Be5 Kc6 36. Bc3 Bh6 37. Be5 Bf8 38. Ke3 b5 39. Kd2 Bh6+
40. Ke2 Bf8 41. Rh1 Bd6 42. Bxd6 cxd6 43. Kd2 d5 44. Rh8 a4 45. bxa4 bxa4 46.
Ra8 Kb5 47. Rb8+ Kc6 48. Ra8 d4 49. Rxa4 Kb5 50. Ra8 c4 51. a4+ Kb4 52. a5 c3+
53. Kc1 d3 54. a6 Be4 55. Rd8 d2+ 56. Kd1 Bf3+ 57. Kc2 Be4+ 58. Kd1 Kb3 59.
Rb8+ Kc4 60. Rd8 Bf3+ 61. Kc2 Be4+ 62. Kd1 Kb3 63. Rb8+ Ka3 64. Rd8 Kb2 65.
Rb8+ Ka2 66. Rd8 Kb2 67. Rb8+ Ka1 68. Rd8 Kb1 69. Rb8+ Ka1 70. Rd8 Bf3+ 71. Kc2
d1=Q+ 72. Rxd1+ Bxd1+ 73. Kxd1 Kb2 74. a7 c2+ 75. Ke2 c1=Q 76. a8=Q Qc4+ 77.
Ke3 1/2-1/2

[Event "BL 1112 SC Eppingen - SG Turm Trier"]
[Site "?"]
[Date "2012.04.15"]
[Round "15.4"]
[White "Ruck, Robert"]
[Black "Cyborowski, Lukasz"]
[Result "1/2-1/2"]
[WhiteElo "2579"]
[BlackElo "2543"]
[PlyCount "40"]
[EventDate "2012.??.??"]

1. Nf3 c5 2. c4 g6 3. e4 Bg7 4. d4 Qa5+ 5. Nc3 Nf6 6. Bd3 cxd4 7. Nxd4 Nc6 8.
Nb3 Qd8 9. O-O d6 10. Bg5 a5 11. Nc1 O-O 12. N1e2 Bg4 13. f3 Be6 14. b3 Nd7 15.
Rb1 Nc5 16. Bc2 Nb4 17. Qd2 a4 18. Rfc1 axb3 19. axb3 Re8 20. Be3 Qa5 1/2-1/2

[Event "BL 1112 SC Eppingen - SG Turm Trier"]
[Site "?"]
[Date "2012.04.15"]
[Round "15.6"]
[White "Medvegy, Zoltan"]
[Black "Gordon, Stephen"]
[Result "1/2-1/2"]
[WhiteElo "2531"]
[BlackElo "2535"]
[PlyCount "87"]
[EventDate "2012.??.??"]

1. d4 Nf6 2. c4 e6 3. Nc3 Bb4 4. Qc2 d5 5. cxd5 exd5 6. Bg5 c5 7. dxc5 h6 8.
Bh4 g5 9. Bg3 Ne4 10. O-O-O Bxc3 11. f3 Bd2+ 12. Rxd2 Nxd2 13. Qxd2 Nc6 14. e3
Qf6 15. Bd6 a6 16. Ne2 Be6 17. Nd4 Rc8 18. Bd3 Ne7 19. Qb4 O-O 20. Qxb7 Rfe8
21. Kd2 Nf5 22. Bxf5 Bxf5 23. Qb3 a5 24. Qc3 Bg6 25. Nb5 Qf5 26. Nd4 Qf6 27. h3
a4 28. Qb4 h5 29. Qxa4 g4 30. hxg4 hxg4 31. Qb3 gxf3 32. gxf3 Qg5 33. Rh2 Kg7
34. Bf4 Qg1 35. Ne2 Qb1 36. Qc3+ f6 37. Rg2 Kf7 38. Qd4 Qc2+ 39. Ke1 Qxc5 40.
Qxc5 Rxc5 41. Kd1 Rec8 42. Nc3 Bh5 43. Rf2 Rc4 44. Bg3 1/2-1/2